000 00590nam a22001577a 4500
003 OSt
005 20160815140554.0
008 160815b xxu||||| |||| 00| 0 eng d
040 _cRUA
082 _aAVM LOU 2015 B507 Or.1
100 _99105
_aLOUGH MONICH, ឡូញ មោនិច្ច
245 _aStudy on cannin pavovirus of dog at agrovet clinic phnom penh, ការសិក្សាលើជំងឺរាកឈាមសុនខនៅគ្លីនិក AGROVET ភ្នំពេញ
260 _aPhnom Penh
_bRUA
_c2015
300 _ax; 44p.
_bill.
_c29cm.
942 _2ddc
_cAVM
999 _c8784
_d8784